Les Français Champions du Monde 1998 avec leurs initiales - Statistiques

Statistiques générales
  • Ce quiz a été pris 116 fois
  • Le résultat moyen est 13 sur 22
Statistiques - réponses
Réponse % Correct
Fabien Barthez
99%
Didier Deschamps
95%
Zinedine Zidane
93%
Laurent Blanc
92%
Thierry Henry
83%
Lilian Thuram
77%
Youri Djorkaeff
77%
Emmanuel Petit
71%
Marcel Desailly
60%
Bixente Lizarazu
59%
David Trezeguet
59%
Christian Karembeu
54%
Bernard Lama
52%
Patrick Vieira
50%
Robert Pirès
50%
Christophe Dugarry
49%
Franck Leboeuf
48%
Stéphane Guivarc'h
45%
Vincent Candela
35%
Alain Boghossian
33%
Lionel Charbonnier
33%
Bernard Diomède
32%
Aucun quiz correspondant
Distribution des résultats
% des personnes avec chaque résultat
Percentile par nombre de réponses
Votre historique - résultats
Vous n’avez pas pris ce quiz